Missing Word: 'K' Authors Quiz Stats

 Plays Quiz Updated Apr 18, 2016

Challenge
Share
Tweet
Embed
Score 0/20 Timer 03:00
0 Plays Today
Author Answer % Correct
Rudyard _____Kipling
96.5%
_____ MarxKarl
96%
_____ VonnegutKurt
92.9%
Franz _____Kafka
88%
Jack _____Kerouac
77.6%
Immanuel _____Kant
74.8%
_____ GrahameKenneth
64.8%
_____ Anne PorterKatherine
50%
_____ ChopinKate
49.7%
_____ AmisKingsley
43.3%
Author Answer % Correct
Barbara _____Kingsolver
41.5%
_____ HosseiniKhaled
37.9%
Sue Monk _____Kidd
34.4%
John _____ TooleKennedy
32.1%
Milan _____Kundera
31.5%
John _____Knowles
29.8%
_____ IshiguroKazuo
22.2%
Daniel _____Keyes
20.6%
_____ EdwardsKim
17.6%
_____ HamsunKnut
12.4%

Today's Daily Dose

You're not logged in!

Compare scores with friends on all Sporcle quizzes.
Join for Free
OR
Log In

You Might Also Like...

Show Comments

Extras

Top Quizzes Today


Score Distribution

Your Account Isn't Verified!

In order to create a playlist on Sporcle, you need to verify the email address you used during registration. Go to your Sporcle Settings to finish the process.

Report this User

Report this user for behavior that violates our Community Guidelines.

Details: